Současné právní problémy cestovního ruchu v České republice

Teoretické východiská problematiky právnej úpravy cestovného ruchu v ČR. Definícia právnej úpravy cestovného ruchu v ČR. Systematizácia právnej úpravy cestovného ruchu. Prehľad súčasných právnych problémov cestovného ruchu. Novelizácie zákona č. 159/1999 Zb. Nová európska smernica 2302/2015/EU a no...

Celý popis

Uložené v:
Podrobná bibliografia
Hlavný autor: Petráš, René
Médium: Kapitola
Jazyk:Czech
Predmet:
Tagy: Pridať tag
Žiadne tagy, Buďte prvý, kto otaguje tento záznam!

MARC

LEADER 00000nla a2200000 4500
001 0241676
005 20240417075134.0
041 0 |a cze 
044 |a CZ 
245 1 0 |a Současné právní problémy cestovního ruchu v České republice  |c René Petráš 
520 |a Teoretické východiská problematiky právnej úpravy cestovného ruchu v ČR. Definícia právnej úpravy cestovného ruchu v ČR. Systematizácia právnej úpravy cestovného ruchu. Prehľad súčasných právnych problémov cestovného ruchu. Novelizácie zákona č. 159/1999 Zb. Nová európska smernica 2302/2015/EU a novelizácia českého práva. 
610 2 0 |a ruch cestovný 
610 2 0 |a predpisy právne 
610 2 0 |a legislatíva 
610 2 0 |a novelizácia 
610 2 0 |a smernice 
610 2 0 |a Česko 
610 2 0 |a Európska únia 
100 1 |a Petráš, René